|
|
|
|
| LEADER |
00000nam a22000007a 4500 |
| 005 |
20151105132057.0 |
| 007 |
cz|||| || |
| 008 |
151105s19942013enku|||ss|||| 0||||1eng d |
| 035 |
|
|
|a 2824
|
| 040 |
|
|
|a vLex
|
| 090 |
|
|
|c 5669
|d 5669
|
| 245 |
|
|
|a Business Wire
|h [Recurso electrn̤ico /
|c COPYRIGHT Business Wire
|
| 256 |
|
|
|a Servicio en ln̕ea
|
| 260 |
|
|
|a Inglaterra
|b Business Wire
|c 1994
|
| 300 |
|
|
|a 1 recurso electrn̤ico
|
| 506 |
1 |
|
|a Contenido solo disponible en los productos indicados
|d vLex Global
|d vLex Global (Academic Edition, excluding Law Schools)
|d vLex Global (U.S. Academic Edition, Law Schools)
|d vLex Global (U.S. Academic Edition, excluding Law Schools)
|d vLex Global (Academic Edition, Law Schools)
|
| 650 |
0 |
4 |
|a Negocios
|z Inglaterra
|
| 740 |
0 |
|
|a vLex revista 8servicio en ln̕ea)
|
| 856 |
4 |
0 |
|u http://vlex.com/source/business-wire-2824/section/001
|z Acceso restringido
|
| 942 |
|
|
|c REV
|
| 999 |
0 |
|
|a Business
|